| 000 | 00843nam a2200313Mi 4500 | ||
|---|---|---|---|
| 001 | 97588 | ||
| 005 | 20230410143126.0 | ||
| 008 | 101005s2010 fr 000 0 fre d | ||
| 035 | _a(OCoLC)ocn673073589 | ||
| 040 |
_aTZT _cTZT |
||
| 020 | _a9782711622856 | ||
| 020 | _a2711622851 | ||
| 035 | _a(OCoLC)673073589 | ||
| 072 | 7 |
_aB _2lcco |
|
| 082 | 1 | 4 |
_a194 _21 |
| 050 | 1 | 4 | _abD975q 2010 |
| 049 | _aGRAL | ||
| 100 | 1 | _aDutant, Julien. | |
| 245 | 1 | 0 |
_aQu'est-ce que la connaissance / _cJulien Dutant. |
| 260 |
_aParis : _bVrin, _c2010. |
||
| 300 | _a128 p. | ||
| 490 | 1 |
_aChemins philosophiques, _x1762-7184 |
|
| 653 |
_aPhilosophy _aKnowledge |
||
| 830 | 0 |
_aChemins philosophiques. _x1762-7184 |
|
| 938 |
_aJean Touzot Libraire Editeur _bTOUZ _nJTL00280345 _c8 EUR |
||
| 942 |
_2lcc _cbk |
||
| 946 | _amjcruz | ||
| 994 |
_aC0 _bDRFGD |
||
| 999 |
_c96203 _d96203 |
||